000 00777cam a22002533a 4500
001 18919
003 PGUSA
005 20140828083413.0
008 060727s2006||||xxu|||||s|||||000 | eng d
040 _aPGUSA
_beng
042 _adc
050 4 _aNA
100 1 _aViollet-le-Duc, Eugène-Emmanuel,
_d1814-1879
245 1 0 _aDu style gothique au dix-neuvième siècle
_h[electronic resource] /
_cEugène-Emmanuel Viollet-le-Duc
260 _bProject Gutenberg,
_c2006
506 _aPublic domain in the USA.
516 _aElectronic text
653 _aGothic revival (Architecture) -- History
653 _aChurch architecture
653 _aArchitecture, Gothic
830 0 _aProject Gutenberg
_v18919
856 4 0 _uhttp://www.gutenberg.org/ebooks/18919
942 _cEB
999 _c248174
_d248174